Statystyki dla Kraje położone najbliżej Sudanu Południowego

Kliknij tutaj aby rozwiązać quiz!

Ogólne statystyki

  • Ten quiz został rozwiązany 55 razy
  • Średni wynik to 15 z 20

Statystyki odpowiedzi

kmkraj% Poprawnych
0Sudan
98%
1086Egipt
92%
420Erytrea
90%
0Etiopia
90%
167Czad
88%
857Dżibuti
84%
0Kenia
82%
0Uganda
82%
507Rwanda
80%
597Somalia
80%
0Dem Rep Konga
78%
1024Libia
76%
0Republika
Środkowoafrykańska
76%
1013Nigeria
74%
792Kongo
68%
497Tanzania
66%
1070Jemen
62%
877Kamerun
62%
1046Arabia Saudyjska
58%
655Burundi
56%

Rozkład punktacji

Percentyl według liczby udzielonych odpowiedzi

Procent ludzi z każdym wynikiem

Twoja historia wyników

Nie rozwiązałeś tego quizu